00322nam a2200121Ia 4500008004100000041000800041082001500049100002200064245002800086250001500114260003900129300003200168240624s9999 xx 000 0 und d aeng a302.35 ROB aROBBINS STEPHEN P aORGANIZATIONAL BEHAVIOR a(13th ed.) c2009aNew DelhibPearson Education axxxv, : 782 : p. : cm. ; 27